Statistics for Middle East Countries in 90 Seconds

Click here to take the quiz!

General Stats

  • This quiz has been taken 82 times
  • The average score is 16 of 17

Answers on the Map

Answers color-coded by a green-red scale on the quiz's map according to % correct below.
 

Answer Stats

Country% Correct
Jordan
99%
Saudi Arabia
99%
Iran
97%
Iraq
97%
Oman
97%
Yemen
97%
Turkey
96%
Israel
95%
Qatar
95%
Syria
95%
United Arab Emirates
95%
Egypt
93%
Lebanon
93%
Kuwait
92%
Bahrain
89%
Cyprus
84%
Palestine
75%

Score Distribution

Percentile by Number Answered

Percent of People with Each Score

Your Score History

You have not taken this quiz